[Event "Dortmund2"]
[Site "Dortmund"]
[Date "2003.05.23"]
[Round "12"]
[White "Driesner, Reinhard"]
[Black "Schrimpl, Michael"]
[Result "1-0"]
[WhiteElo "1305"]
[BlackElo "1394"]
[PlyCount "59"]
[EventDate "2003.03.26"]
[EventType "tourn"]
[EventRounds "13"]
[EventCountry "GER"]
[SourceTitle "EXT 2007"]
[Source "ChessBase"]
[SourceDate "2006.11.23"]
[SourceVersion "1"]
[SourceVersionDate "2006.11.23"]
[SourceQuality "1"]

1. e4 c6 2. d4 d5 3. e5 Bf5 4. h3 h5 5. Bd3 Bxd3 6. Qxd3 e6 7. Nf3 Nd7 8. 0-0 Ne7 9. Bg5 Qb6 10. b3 Nf5 11. Kh1 c5 12. Be3 Nxe3 13. fxe3 Be7 14. Nc3 cxd4 15. exd4 0-0-0 16. a4 g5 17. Nd2 Rdf8 18. a5 Qd8 19. a6 b6 20. Nb5 Kb8 21. Nd6 Bxd6 22. exd6 g4 23. c4 dxc4 24. Qe4 Qc8 25. Nxc4 Rh6 26. Rfc1 f5 27. Qf4 Rh7 28. Ne5 Qxc1+ 29. Rxc1 Nf6 30. Nc6+ 1-0

[Event "Dortmund2"]
[Site "Dortmund"]
[Date "2003.03.29"]
[Round "2"]
[White "Nietmann, Friedrich"]
[Black "Driesner, Reinhard"]
[Result "1/2-1/2"]
[WhiteElo "1344"]
[BlackElo "1305"]
[PlyCount "51"]
[EventDate "2003.03.26"]
[EventType "tourn"]
[EventRounds "13"]
[EventCountry "GER"]
[SourceTitle "EXT 2007"]
[Source "ChessBase"]
[SourceDate "2006.11.23"]
[SourceVersion "1"]
[SourceVersionDate "2006.11.23"]
[SourceQuality "1"]

1. Nf3 Nf6 2. c4 c5 3. Nc3 Nc6 4. g3 d5 5. cxd5 Nxd5 6. Bg2 Nxc3 7. bxc3 g6 8. 0-0 Bg7 9. Bb2 0-0 10. Rb1 Bf5 11. d3 Rb8 12. Nd2 Qc8 13. Rc1 Bh3 14. Nf3 Bxg2 15. Kxg2 Qe6 16. a3 b6 17. Qc2 Rbc8 18. Rfe1 h6 19. Rb1 Rfd8 20. Ba1 Ne5 21. Ng1 Ng4 22. h3 Qc6+ 23. e4 Ne5 24. Re3 g5 25. c4 e6 26. f4 1/2-1/2